Omar Jayyam (Record no. 184287)

MARC details
000 -LEADER
campo de control de longitud fija 01317nam a2200325 i 4500
001 - NÚMERO DE CONTROL
campo de control 184287
003 - IDENTIFICADOR DE NÚMERO DE CONTROL
campo de control ES-MaACL
005 - FECHA Y HORA DE LA ÚLTIMA TRANSACCIÓN
campo de control 20231118191139.0
008 - DATOS DE LONGITUD FIJA--INFORMACIÓN GENERAL
campo de control de longitud fija 150610s2010 sp abj |||| |bspa d
020 ## - NÚMERO INTERNACIONAL ESTÁNDAR DEL LIBRO
Número Internacional Estándar del Libro 978-84-96756-75-5
080 ## - NÚMERO DE LA CLASIFICACIÓN DECIMAL UNIVERSAL
Número de la Clasificación Decimal Universal 929 Omar Jayyam
100 1# - ENTRADA PRINCIPAL--NOMBRE DE PERSONA
Nombre de persona Teimourian, Hazhir (
Fechas asociadas al nombre 1940-)
9 (RLIN) 156992
245 10 - MENCIÓN DEL TÍTULO
Título Omar Jayyam
Resto del título : poeta, rebelde, astrónomo /
Mención de responsabilidad, etc. Hazhir Teimourian ; traducción de Laura Herrero Felipe ; [editor, David González Romero].
250 ## - MENCION DE EDICION
Mención de edición 1ª ed.
260 ## - PUBLICACIÓN, DISTRIBUCIÓN, ETC.
Lugar de publicación, distribución, etc. [Córdoba] :
Nombre del editor, distribuidor, etc. Berenice,
Fecha de publicación, distribución, etc. 2010.
300 ## - DESCRIPCIÓN FÍSICA
Extensión 501 p. :
Otras características físicas il., mapa ;
Dimensiones 23 cm.
500 ## - NOTA GENERAL
Nota general Cronología: p. 479-485.
500 ## - NOTA GENERAL
Nota general Índice onomástico.
504 ## - NOTA DE BIBLIOGRAFÍA, ETC.
Nota de bibliografía, etc. Bibliografía: p. 487-491.
505 8# - NOTA DE CONTENIDO CON FORMATO
Nota de contenido con formato Apéndices: I ;
Título Los robaiyyat: una nueva traducción (p. 415-431) II ;
-- Los robaiyyat de Edward Fitzgerald III ;
-- Omar el Griego IV ;
-- Las matemáticas de Omar Jayyam y otros escritos
600 17 - PUNTO DE ACCESO ADICIONAL DE MATERIA--NOMBRE DE PERSONA
Nombre de persona Omar Khayyam.
9 (RLIN) 156993
700 1# - ENTRADA AGREGADA--NOMBRE PERSONAL
Nombre de persona Herrero Felipe, Laura.
9 (RLIN) 156994
700 1# - ENTRADA AGREGADA--NOMBRE PERSONAL
Nombre de persona González Romero, David.
9 (RLIN) 156995
700 1# - ENTRADA AGREGADA--NOMBRE PERSONAL
Nombre de persona Omar Khayyam.
9 (RLIN) 156993
740 02 - ENTRADA AGREGADA--TÍTULO RELACIONADO/ANALÍTICO NO CONTROLADO
Título relacionado o analítico no controlado Robaiyat.
852 ## - LOCALIZACIÓN
Ubicación ES-MaACL
Número de control de estantería A-13530
itemnumber 191283
Sublocalización o colección R.150439
Ubicación en estantería Depósito 1
Signatura antigua Olim: N-6530
Donativo/Legado Donación: Andrés P. Riádicas
903 ## - NOMBRE PERSONAL DE DONANTE
9 234585
a Andrés P. Riádicas
e Donante
942 ## - ELEMENTOS DE ENTRADA SECUNDARIOS (KOHA)
Fuente del sistema de clasificación o colocación Clasificación decimal universal
Tipo de ítem Koha Libro impreso
Holdings
Estatus retirado Estado de pérdida Fuente del sistema de clasificación o colocación Estado de daño No para préstamo Biblioteca de origen Biblioteca actual Ubicación en estantería Fecha de adquisición Fuente de adquisición Total de préstamos Signatura topográfica completa Código de barras Visto por última vez Precio de reemplazo Tipo de ítem Koha
    Clasificación decimal universal     Biblioteca del Ateneo de Madrid Biblioteca del Ateneo de Madrid Depósito 1 10/06/2015 Donación   A-13530 1193867 23/02/2023 23/02/2023 Libro impreso